| 000 | 00865cab a2200277 4500 | ||
|---|---|---|---|
| 001 | ABS47664 | ||
| 008 | 090401t1993 xxu||||| |||| 00| 0 eng d | ||
| 035 | _a(Sirsi) u62923 | ||
| 041 | _aeng | ||
| 245 | _aI own, I owe, so off to work I go | ||
| 260 | _c1993 | ||
| 350 | _a0 | ||
| 490 |
_aEconomist _v325(7791) 26 December 1992 - 8 January 1993, 95-97 |
||
| 520 | _aA review of the worldwide residential market, looks at house prices, the cost of living and tax relief in major cities throughout the world. | ||
| 650 | _aCOST OF LIVING | ||
| 650 | _aHOME OWNERSHIP | ||
| 650 | _aHOUSE PRICES | ||
| 650 | _aINFLATION | ||
| 650 | _aINTERNATIONAL | ||
| 650 | _aSTATISTICS | ||
| 650 | _aTAXATION | ||
| 690 | _aPROPERTY-RESIDENTIAL PROPERTY-RESIDENTIAL PROPERTY MARKET | ||
| 690 | _aOVERSEAS-REST OF THE WORLD | ||
| 942 | _n0 | ||
| 948 | _c04/03/1997 | ||
| 999 |
_c39095 _d39095 |
||